000 00650nam a2200265Ia 4500
005 20260121170109.0
008 008 260114s9999 xx 000 0 eng d
020 _a9781137548504
037 _aEBOOK
040 _aCRL
040 _beng
040 _cCRL
041 _2eng
041 _aeng
084 _qCRL
100 _aAmanda Behm
_91059759
245 0 _aImperial History and the Global Politics of Exclusion
260 _bSpringer
260 _bSpringer
260 _c2018
856 _uhttps://link.springer.com/openurl?genre=book&isbn=978-1-137-54850-4
942 _cEBOOK
999 _c1625488
_d1625488